000 00402nam a2200145 a 4500
001 000033053
005 20200930070010.0
008 110808s1929 dr 000 0 spa d
040 _aDO-SdBNP
_bspa
_cBNPHU
082 _axxxx
_bV635g
100 1 _aVicini, Felipe A.
_956713
245 1 0 _aGuerra de tarifas. /
_cFelipe A. Vicini.
260 _aSanto Domingo :
_b[s. n.],
_c1929.
300 _a28 p. ;
_c20 cm.
999 _c32544
_d32544